00937 2200277 4500001002100000005001500021035002000036007000300056008004100059020002200100082000800122084001500130100003300145245023900178260002900417300003700446650002700483700001800510700003000528700002000558700002200578700002400600520001100624990001200635990001200647INLIS00000000000166320180301100219 a0010-0318000006ta180301 g 0 ind  a978-979-709-956-5 a030 a030 RID e0 aRIDO, Miduk Sugandi Batubara1 aEnsiklopedia Populer Pulau-pulau Kecil Nusantara Jawa Barat Merentang Laut Jawa Hingga Samudra Hindia /cRido Miduk Sugandi Batubara, Andi Rusandi, Pingkan Katharina Roeroe, Muhandis Sidqi, Esti Hindrastuti; editor, Simon Boyke Sinaga aJakarta :bKompas,c2015 axvii, 110 hlm. :bilus. ;c23 cm aENSIKLOPEDIA DAN KAMUS0 aANDI, Rusandi0 aPINGKAN, Katharina Roeroe0 aMUHANDIS, Sidqi0 aESTI, Hindrastuti0 aSINAGA, Simon Boyke aindeks a16618 a a16618 b